[Event "Titled Tue 20th May Late"]
[Site "chess.com INT"]
[Date "2025.05.20"]
[Round "1"]
[White "Dovgaliuk, Oleksandr"]
[Black "Sheehan, Ethan"]
[Result "0-1"]
[WhiteElo "2240"]
[BlackElo "2380"]
[WhiteFideId "14167247"]
[BlackFideId "30943965"]
[EventDate "2025.05.20"]

1. e4 e5 2. Nf3 Nc6 3. Bc4 Nf6 4. Ng5 d5 5. exd5 Na5 6. Bb5+ c6 7. dxc6 bxc6 8.
Qf3 Be7 9. O-O O-O 10. Nc3 Bg4 11. Qg3 cxb5 12. h3 Bf5 13. Qxe5 Bxc2 14. Qxb5
Bd3 0-1

[Event "Titled Tue 20th May Late"]
[Site "chess.com INT"]
[Date "2025.05.20"]
[Round "1"]
[White "Rozman, Levy"]
[Black "Pavlidou, Ekaterini"]
[Result "1-0"]
[WhiteTitle "IM"]
[BlackTitle "WIM"]
[WhiteElo "2324"]
[BlackElo "2198"]
[WhiteFideId "2039877"]
[BlackFideId "4213262"]
[EventDate "2025.05.20"]

1. d4 Nf6 2. Bg5 Ne4 3. h4 c5 4. d5 d6 5. c3 h6 6. Bf4 g6 7. Qa4+ Bd7 8. Qxe4
Bg7 9. Nf3 b5 10. Qc2 Bf5 11. e4 Bg4 12. Bxb5+ Kf8 13. Nbd2 a6 14. Be2 Nd7 15.
Nc4 Rb8 16. Ng1 Bxe2 17. Nxe2 Ne5 18. Bxe5 dxe5 19. h5 g5 20. Ng3 1-0

[Event "Titled Tue 20th May Late"]
[Site "chess.com INT"]
[Date "2025.05.20"]
[Round "1"]
[White "Ghimoyan, Narek"]
[Black "Chakrasali, Samarth"]
[Result "1-0"]
[WhiteTitle "CM"]
[WhiteElo "2273"]
[BlackElo "2025"]
[WhiteFideId "13315412"]
[BlackFideId "2077310"]
[EventDate "2025.05.20"]

1. d4 Nf6 2. Nf3 e6 3. c4 d5 4. Nc3 c6 5. e3 Nbd7 6. Bd3 Bd6 7. e4 dxe4 8. Nxe4
Nxe4 9. Bxe4 Nf6 10. Bc2 O-O 11. O-O c5 12. Bg5 h6 13. Bh4 b6 14. Qd3 g6 15.
dxc5 bxc5 16. Bxf6 Qxf6 17. Qxd6 Qxb2 18. Be4 Bb7 19. Rab1 Rae8 1-0

[Event "Titled Tue 20th May Late"]
[Site "chess.com INT"]
[Date "2025.05.20"]
[Round "1"]
[White "Van Tellingen, Frank"]
[Black "Plat, Vojtech"]
[Result "0-1"]
[WhiteTitle "FM"]
[BlackTitle "GM"]
[WhiteElo "2265"]
[BlackElo "2482"]
[WhiteFideId "1011421"]
[BlackFideId "325740"]
[EventDate "2025.05.20"]

1. e4 d6 2. d4 Nf6 3. Nc3 e5 4. Nf3 exd4 5. Nxd4 Be7 6. Bf4 O-O 7. Qd2 Nc6 8.
O-O-O Nxd4 9. Qxd4 Be6 10. f3 a6 11. g4 b5 12. g5 Nh5 13. Be3 Bxg5 14. Rg1 Bxe3+
15. Qxe3 Qf6 16. Ne2 Rfe8 17. Kb1 g6 18. f4 Bc4 19. Rg4 Re7 20. Ng3 Nxg3 21.
hxg3 Bxf1 22. Rxf1 Rae8 23. e5 Rxe5 0-1

[Event "Titled Tue 20th May Late"]
[Site "chess.com INT"]
[Date "2025.05.20"]
[Round "1"]
[White "Bian, Alex"]
[Black "Goltsev, Dmitry"]
[Result "0-1"]
[WhiteTitle "FM"]
[BlackTitle "FM"]
[WhiteElo "2342"]
[BlackElo "2183"]
[WhiteFideId "2056372"]
[BlackFideId "24176710"]
[EventDate "2025.05.20"]

1. e4 e6 2. d4 d5 3. Nd2 c5 4. Ngf3 Nf6 5. exd5 exd5 6. dxc5 Nc6 7. c3 Bxc5 8.
Bd3 O-O 9. O-O Bg4 10. h3 Bh5 11. Qc2 Rc8 12. Nb3 Bb6 13. Be2 Qd6 14. Bg5 h6 15.
Bh4 g5 16. Bg3 Qxg3 17. Qf5 Qf4 18. Qxf4 gxf4 19. Rad1 Rfe8 20. Rfe1 Bxf3 21.
Bxf3 Ne5 22. Be2 Ne4 23. Nd4 Nc6 24. Bg4 Rcd8 25. Kf1 Nxd4 26. cxd4 Nf6 27. Bf3
Rxe1+ 28. Kxe1 Rc8 29. Rd2 Ba5 0-1

[Event "Titled Tue 20th May Late"]
[Site "chess.com INT"]
[Date "2025.05.20"]
[Round "1"]
[White "Cori Quispe, Kevin Joel"]
[Black "Logozar, Elijah"]
[Result "1-0"]
[WhiteTitle "GM"]
[WhiteElo "2464"]
[BlackElo "1945"]
[WhiteFideId "3814017"]
[BlackFideId "30963788"]
[EventDate "2025.05.20"]

1. e4 c5 2. Nf3 d6 3. d4 cxd4 4. Nxd4 Nf6 5. Nc3 a6 6. Bg5 e6 7. f4 Be7 8. Qf3
h6 9. Bh4 Qc7 10. O-O-O Nbd7 11. Bd3 g5 12. fxg5 Ne5 13. Qe2 Nfg4 14. Nf3 hxg5
15. Bg3 Qc5 16. h4 gxh4 17. Nxh4 Bd7 18. Nf3 O-O-O 19. Nxe5 Nxe5 20. Bf2 Qc7 21.
Kb1 Bc6 22. Bd4 Kb8 23. Qf2 Rc8 24. Bxe5 dxe5 25. Qxf7 Rxh1 26. Rxh1 Bd7 27.
Qxe7 1-0

[Event "Titled Tue 20th May Late"]
[Site "chess.com INT"]
[Date "2025.05.20"]
[Round "1"]
[White "Schuster, Karsten"]
[Black "Lewicki, Miroslaw"]
[Result "0-1"]
[WhiteTitle "FM"]
[BlackTitle "IM"]
[WhiteElo "2266"]
[BlackElo "2317"]
[WhiteFideId "4611071"]
[BlackFideId "1113380"]
[EventDate "2025.05.20"]

1. d4 Nf6 2. c4 e6 3. Nc3 d5 4. cxd5 exd5 5. Bg5 Nbd7 6. e3 h6 7. Bh4 Be7 8. Bd3
O-O 9. Nf3 b6 10. O-O Bb7 11. Rc1 c5 12. dxc5 Nxc5 13. Bb1 Re8 14. Nd4 Nfe4 15.
Bxe7 Qxe7 16. Nf5 Qf6 17. Ng3 Rad8 18. Nb5 Ba6 19. a4 Qxb2 20. Nc7 Bxf1 21. Nxe8
Qxf2+ 0-1

[Event "Titled Tue 20th May Late"]
[Site "chess.com INT"]
[Date "2025.05.20"]
[Round "1"]
[White "Wang, Justin Zhide"]
[Black "Yanev, Tihomir"]
[Result "1-0"]
[BlackTitle "IM"]
[WhiteElo "2007"]
[BlackElo "2354"]
[WhiteFideId "4312830"]
[BlackFideId "2910110"]
[EventDate "2025.05.20"]

1. e4 c5 2. Nf3 d6 3. d4 cxd4 4. Nxd4 Nf6 5. Nc3 a6 6. Bd3 e6 7. f4 Qc7 8. O-O
Be7 9. Kh1 b5 10. Qe2 Bb7 11. e5 dxe5 12. fxe5 Nd5 13. Bd2 Nd7 14. Rae1 Rf8 15.
Be4 Qxe5 16. Bxd5 Qxe2 17. Rxe2 1-0

[Event "Titled Tue 20th May Late"]
[Site "chess.com INT"]
[Date "2025.05.20"]
[Round "1"]
[White "Kahre, Kim"]
[Black "Alvarado, Carlos"]
[Result "1-0"]
[BlackTitle "CM"]
[WhiteElo "2119"]
[BlackElo "2032"]
[WhiteFideId "518816"]
[BlackFideId "3800555"]
[EventDate "2025.05.20"]

1. e4 c6 2. c4 g6 3. Nc3 Bg7 4. d4 Nh6 5. Nf3 f6 6. Bd3 O-O 7. h4 Nf7 8. h5 g5
9. Be3 e6 10. h6 Bxh6 11. e5 f5 12. Rxh6 Nxh6 13. Bxg5 Qb6 14. Bxh6 Qxb2 15. Rc1
Re8 16. Rc2 Qb4 17. c5 b6 18. Qd2 Kh8 19. Qg5 1-0

[Event "Titled Tue 20th May Late"]
[Site "chess.com INT"]
[Date "2025.05.20"]
[Round "1"]
[White "Hernandez Bermudez, Ulises Eduardo"]
[Black "Gunduz, Umut Erdem"]
[Result "0-1"]
[BlackTitle "IM"]
[WhiteElo "2042"]
[BlackElo "2268"]
[WhiteFideId "3902510"]
[BlackFideId "6381383"]
[EventDate "2025.05.20"]

1. e4 c5 2. c3 e6 3. d4 d5 4. exd5 Qxd5 5. Nf3 Nc6 6. Na3 a6 7. Be3 cxd4 8. Nxd4
Bxa3 9. Nxc6 Bxb2 10. Qxd5 exd5 11. Nb4 Bxc3+ 12. Bd2 Bxa1 13. Nxd5 Be5 14. f4
Bd6 15. Bc3 Nf6 16. Nb6 Rb8 17. g3 O-O 18. Bg2 Re8+ 19. Kd2 Ne4+ 20. Bxe4 Rxe4
21. Rc1 Bg4 22. Kd3 f5 23. Bd4 Rd8 0-1

[Event "Titled Tue 20th May Late"]
[Site "chess.com INT"]
[Date "2025.05.20"]
[Round "1"]
[White "Sanhueza, Cristian"]
[Black "Drygalov, Andrey"]
[Result "0-1"]
[WhiteTitle "FM"]
[BlackTitle "GM"]
[WhiteElo "2182"]
[BlackElo "2431"]
[WhiteFideId "116815"]
[BlackFideId "24171735"]
[EventDate "2025.05.20"]

1. e4 c5 2. Nf3 d6 3. d4 cxd4 4. Nxd4 Nf6 5. Nc3 a6 6. h3 e6 7. g4 h6 8. Rg1 Nc6
9. Be3 Be7 10. h4 Nxd4 11. Bxd4 g5 12. h5 e5 13. Be3 Be6 14. f3 Rc8 15. Qd2 Qa5
16. Ne2 Qc7 17. c3 d5 18. exd5 Nxd5 19. Ng3 Nxe3 20. Qxe3 Bc5 0-1

[Event "Titled Tue 20th May Late"]
[Site "chess.com INT"]
[Date "2025.05.20"]
[Round "1"]
[White "Ferrara, Enzo"]
[Black "Barseghyan, Armen Ar."]
[Result "1-0"]
[BlackTitle "IM"]
[WhiteElo "2138"]
[BlackElo "2348"]
[WhiteFideId "137731"]
[BlackFideId "13306707"]
[EventDate "2025.05.20"]

1. d4 Nf6 2. c4 e6 3. Nc3 d5 4. Nf3 c5 5. cxd5 Nxd5 6. e4 Nxc3 7. bxc3 cxd4 8.
cxd4 Bb4+ 9. Bd2 Bxd2+ 10. Qxd2 O-O 11. Be2 Nd7 12. O-O b6 13. a4 a5 14. Bb5 Bb7
15. Rfe1 Rc8 16. Rad1 h6 17. Qf4 Nf6 18. Ne5 Rc3 19. Nc4 Bc6 20. Qd2 Nxe4 21.
Rxe4 Bxb5 22. Qxc3 1-0

[Event "Titled Tue 20th May Late"]
[Site "chess.com INT"]
[Date "2025.05.20"]
[Round "1"]
[White "Habans Aguerrea, Javier"]
[Black "Marchesich, Giovanni"]
[Result "1-0"]
[WhiteTitle "IM"]
[BlackTitle "CM"]
[WhiteElo "2448"]
[BlackElo "2219"]
[WhiteFideId "24524689"]
[BlackFideId "2824790"]
[EventDate "2025.05.20"]

1. d4 d6 2. e4 Nf6 3. Nc3 Nbd7 4. g4 h6 5. Nf3 e5 6. h3 c6 7. Bg2 b5 8. a3 Be7
9. Be3 Qa5 10. O-O O-O 11. Nh4 Nb6 12. Kh1 Nc4 13. Bc1 Nxg4 14. Nf5 Bxf5 15.
exf5 Nf6 16. Bxc6 Rab8 17. Rg1 Kh8 18. Nd5 Nxd5 19. Bxd5 Nb6 20. Bxh6 gxh6 21.
Qh5 Qd2 22. Rad1 Qf4 23. Rg4 Nxd5 24. Rxf4 Nxf4 25. Qxh6+ Kg8 26. Rg1+ Ng6 27.
fxg6 fxg6 28. Qxg6+ 1-0

[Event "Titled Tue 20th May Late"]
[Site "chess.com INT"]
[Date "2025.05.20"]
[Round "1"]
[White "Materia, Marco"]
[Black "Piddubna, Bozhena"]
[Result "1-0"]
[WhiteTitle "IM"]
[BlackTitle "WFM"]
[WhiteElo "2489"]
[BlackElo "2174"]
[WhiteFideId "45150451"]
[BlackFideId "34109293"]
[EventDate "2025.05.20"]

1. e4 e5 2. Nf3 Nc6 3. Bc4 Nf6 4. d3 Be7 5. O-O O-O 6. Re1 d6 7. a4 a6 8. c3 Be6
9. Nbd2 Qd7 10. b4 Rae8 11. Qb3 b5 12. axb5 axb5 13. Bxe6 Qxe6 14. Qxe6 fxe6 15.
Ra6 Nb8 16. Ra7 Bd8 17. Nb3 Re7 18. Be3 c6 19. Ra8 Rb7 20. Rea1 Bb6 21. Bxb6
Rxb6 22. R1a7 Nbd7 23. Rxf8+ Kxf8 24. Kf1 Ke7 25. Ke2 d5 26. Nxe5 Kd6 27. Nxd7
Nxd7 28. f4 dxe4 29. dxe4 e5 30. fxe5+ Nxe5 31. Rxg7 Ra6 32. Na5 h6 33. Nb7+ 1-0

[Event "Titled Tue 20th May Late"]
[Site "chess.com INT"]
[Date "2025.05.20"]
[Round "1"]
[White "Sarana, Alexey"]
[Black "Grzesik, Gracjan"]
[Result "1-0"]
[WhiteTitle "GM"]
[BlackTitle "CM"]
[WhiteElo "2686"]
[BlackElo "2175"]
[WhiteFideId "24133795"]
[BlackFideId "1194593"]
[EventDate "2025.05.20"]

1. d4 Nf6 2. c4 e6 3. Nc3 Bb4 4. e3 c5 5. Bd3 O-O 6. Ne2 d5 7. a3 Bxc3+ 8. bxc3
Nc6 9. O-O Qc7 10. cxd5 exd5 11. f3 Re8 12. Ng3 b6 13. Re1 Bb7 14. Bb2 Rad8 15.
Rc1 Na5 16. e4 dxe4 17. fxe4 Qf4 18. Rc2 cxd4 19. cxd4 Ng4 20. Bc1 Qf6 21. Qxg4
Bc8 22. Rxc8 Rxc8 23. Nf5 g6 24. e5 1-0

[Event "Titled Tue 20th May Late"]
[Site "chess.com INT"]
[Date "2025.05.20"]
[Round "1"]
[White "Miszler, Levente"]
[Black "Xiong, Jeffery"]
[Result "0-1"]
[WhiteTitle "FM"]
[BlackTitle "GM"]
[WhiteElo "2261"]
[BlackElo "2636"]
[WhiteFideId "763276"]
[BlackFideId "2047640"]
[EventDate "2025.05.20"]

1. Nf3 c5 2. c4 Nf6 3. g3 Nc6 4. Nc3 d5 5. cxd5 Nxd5 6. Bg2 Nc7 7. O-O e5 8. d3
Be7 9. Nd2 Bd7 10. Nc4 f6 11. f4 b5 12. Ne3 exf4 13. gxf4 O-O 14. Ned5 Rb8 15.
Nxc7 Qxc7 16. Nd5 Qd8 17. Nxe7+ Qxe7 18. e4 Rfd8 19. Be3 Be6 20. Qc2 Nd4 21.
Bxd4 Rxd4 22. a4 bxa4 23. Rfc1 Rb5 24. f5 Bb3 25. Qc3 Qd6 26. Bf1 Qf4 27. Qe1 c4
28. dxc4 Rxe4 29. Qg3 Rxf5 30. Qxf4 Rexf4 31. c5 Rg5+ 0-1

[Event "Titled Tue 20th May Late"]
[Site "chess.com INT"]
[Date "2025.05.20"]
[Round "1"]
[White "Shukhman, Anna"]
[Black "Montano Vicente, Guadalupe"]
[Result "1-0"]
[WhiteTitle "WGM"]
[WhiteElo "2413"]
[BlackElo "1940"]
[WhiteFideId "54180058"]
[BlackFideId "5181399"]
[EventDate "2025.05.20"]

1. e4 c5 2. Nf3 d6 3. d4 cxd4 4. Nxd4 Nf6 5. Nc3 a6 6. Qd3 Nc6 7. Bg5 e6 8.
O-O-O Be7 9. f4 Qc7 10. Be2 O-O 11. Bxf6 Bxf6 12. Nxc6 Qxc6 13. Qxd6 Bxc3 14.
Qxc6 Bxb2+ 15. Kxb2 bxc6 16. Rd6 Rb8+ 17. Kc3 Bb7 18. Rb1 c5 19. Rdb6 Bxe4 20.
Rxb8 g6 21. Rxf8+ Kxf8 22. Rb6 a5 23. Rb5 Bxg2 24. Rxa5 Bd5 25. a4 h6 26. Rxc5
g5 27. fxg5 hxg5 28. Rxd5 exd5 29. a5 f5 30. a6 f4 31. a7 1-0

[Event "Titled Tue 20th May Late"]
[Site "chess.com INT"]
[Date "2025.05.20"]
[Round "1"]
[White "Liu, Jason"]
[Black "Safranek, William"]
[Result "1-0"]
[WhiteElo "2064"]
[BlackElo "2165"]
[WhiteFideId "2514656"]
[BlackFideId "30919908"]
[EventDate "2025.05.20"]

1. e4 e5 2. Nf3 Nc6 3. Bc4 Nf6 4. O-O Nxe4 5. Nc3 Nd6 6. Bb3 Be7 7. Re1 O-O 8.
Nxe5 Nxe5 9. Rxe5 Bf6 10. Re1 c6 11. d4 Nf5 12. d5 d6 13. Bf4 Bg5 14. Bxg5 Qxg5
15. Ne4 Qg6 16. Ng3 c5 17. c3 1-0

[Event "Titled Tue 20th May Late"]
[Site "chess.com INT"]
[Date "2025.05.20"]
[Round "1"]
[White "Swara Lakshmi S Nair"]
[Black "Velikanov, Alexander"]
[Result "0-1"]
[WhiteTitle "WCM"]
[BlackTitle "IM"]
[WhiteElo "2178"]
[BlackElo "2372"]
[WhiteFideId "25629239"]
[BlackFideId "2039290"]
[EventDate "2025.05.20"]

1. e4 c5 2. Nf3 e6 3. d4 cxd4 4. Nxd4 Nf6 5. Nc3 Bb4 6. e5 Nd5 7. Bd2 Bxc3 8.
bxc3 Qc7 9. Qe2 Nxc3 10. Nb5 Nxb5 11. Qxb5 Nc6 12. f4 Nd4 13. Qd3 Nxc2+ 14. Kf2
Nxa1 15. Be2 Nc2 16. Rc1 Qb6+ 17. Kf1 Nb4 18. Qg3 O-O 19. f5 exf5 20. Rb1 a5 21.
a3 f4 22. Bxf4 Qg6 23. Qb3 Nd5 24. Bg3 Nc3 25. Bd3 Qxd3+ 0-1

[Event "Titled Tue 20th May Late"]
[Site "chess.com INT"]
[Date "2025.05.20"]
[Round "1"]
[White "Winkels, Marcel"]
[Black "Ozates, Tuna"]
[Result "0-1"]
[WhiteTitle "CM"]
[BlackTitle "FM"]
[WhiteElo "1918"]
[BlackElo "2217"]
[WhiteFideId "1003887"]
[BlackFideId "6354521"]
[EventDate "2025.05.20"]

1. e4 e6 2. d4 d5 3. Nc3 Nc6 4. Nf3 Nf6 5. e5 Nd7 6. Bb5 f6 7. Bxc6 bxc6 8. Qe2
f5 9. Bg5 Be7 10. Bxe7 Qxe7 11. O-O a5 12. b3 Ba6 13. Qd2 Bxf1 14. Rxf1 Rg8 15.
Na4 g5 16. c4 g4 17. Ne1 h5 18. Nd3 h4 19. Ndc5 Nxc5 20. Nxc5 dxc4 21. bxc4 Rd8
22. Rd1 g3 23. fxg3 hxg3 24. h3 Qxc5 25. dxc5 Rxd2 26. Rxd2 Ke7 27. Rb2 Rd8 28.
Kf1 Rd4 29. Rb7 Kd7 30. Ra7 Rxc4 31. Rxa5 f4 32. Ke2 Rc2+ 33. Kf1 Rf2+ 34. Kg1
Re2 35. Kf1 Rxe5 36. a4 Re4 37. h4 Rc4 38. h5 e5 39. h6 Rc1+ 40. Ke2 Rh1 41. Ra8
Rxh6 42. a5 e4 43. a6 Rh2 44. Kf1 f3 45. gxf3 exf3 46. a7 Rh1# 0-1

[Event "Titled Tue 20th May Late"]
[Site "chess.com INT"]
[Date "2025.05.20"]
[Round "1"]
[White "Martinez Alcantara, Jose Eduardo"]
[Black "Silich, Yahor"]
[Result "1-0"]
[WhiteTitle "GM"]
[BlackTitle "FM"]
[WhiteElo "2611"]
[BlackElo "2216"]
[WhiteFideId "3805662"]
[BlackFideId "13513656"]
[EventDate "2025.05.20"]

1. c4 e5 2. Nc3 Nf6 3. g3 Bb4 4. Bg2 O-O 5. Nf3 Re8 6. O-O c6 7. Qb3 Na6 8. d3
d5 9. cxd5 cxd5 10. a3 Bxc3 11. bxc3 e4 12. Nd4 Nc5 13. Qc2 h6 14. h3 Bd7 15.
Be3 Rc8 16. a4 Qa5 17. Nb3 Nxb3 18. Qxb3 b6 19. Bd4 Rc6 20. Rfd1 Rec8 21. Qb2
Bf5 22. Qb5 Nd7 23. Qxa5 bxa5 24. g4 Bg6 25. f4 exf3 26. Bxf3 Nb6 27. Rdb1 Rxc3
28. Bxc3 Rxc3 29. Rb5 1-0

[Event "Titled Tue 20th May Late"]
[Site "chess.com INT"]
[Date "2025.05.20"]
[Round "1"]
[White "Bernabeu Lopez, Carlos Javier"]
[Black "May Sanchez, Andres Elias"]
[Result "1-0"]
[WhiteTitle "FM"]
[WhiteElo "2402"]
[BlackElo "2209"]
[WhiteFideId "2235366"]
[BlackFideId "5150973"]
[EventDate "2025.05.20"]

1. e4 c5 2. Nf3 g6 3. d4 cxd4 4. Nxd4 Bg7 5. c4 Nc6 6. Be3 Qb6 7. Nb3 Qd8 8. Nd4
Qb6 9. Nb3 Qd8 10. Qd2 Nf6 11. f3 O-O 12. Nc3 d6 13. Be2 a5 14. O-O a4 15. Nd4
Qa5 16. Rfd1 Bd7 17. Rac1 Rfc8 18. Ndb5 Ne5 19. b3 axb3 20. axb3 Qb4 21. Rb1 h5
22. Rdc1 Bc6 23. Nd4 Bd7 24. Kf1 Nc6 25. Ndb5 Ne5 26. Ke1 Nc6 27. Kd1 Qa5 28.
Nd5 Qxd2+ 29. Bxd2 Nxd5 30. cxd5 Ne5 31. Rxc8+ Rxc8 32. Rc1 Kf8 33. Rxc8+ Bxc8
34. Kc2 Nd7 35. Na7 Ke8 36. Nxc8 Bd4 37. Bc3 Bg1 38. Ba5 Bxh2 39. Bb5 1-0

[Event "Titled Tue 20th May Late"]
[Site "chess.com INT"]
[Date "2025.05.20"]
[Round "1"]
[White "Fishbein, Alexander"]
[Black "Rao, Anjaneya Sripathy"]
[Result "1-0"]
[WhiteTitle "GM"]
[BlackTitle "CM"]
[WhiteElo "2377"]
[BlackElo "2173"]
[WhiteFideId "2000377"]
[BlackFideId "30954770"]
[EventDate "2025.05.20"]

1. e4 e6 2. d4 d5 3. exd5 exd5 4. Nf3 Nf6 5. Bg5 Be7 6. Bd3 O-O 7. O-O Ne4 8.
Bxe7 Qxe7 9. Re1 Qb4 10. Nc3 Nxc3 11. bxc3 Qxc3 12. Ng5 h6 13. Nxf7 Rxf7 14. Qh5
Nd7 15. Re8+ Rf8 16. Qxd5+ Kh8 17. Rae1 Qc6 18. Qf5 g6 19. Rxf8+ 1-0

[Event "Titled Tue 20th May Late"]
[Site "chess.com INT"]
[Date "2025.05.20"]
[Round "1"]
[White "Ragger, Markus"]
[Black "Mohammed, Dilshad"]
[Result "1-0"]
[WhiteTitle "GM"]
[WhiteElo "2566"]
[BlackElo "2079"]
[WhiteFideId "1610856"]
[BlackFideId "5050421"]
[EventDate "2025.05.20"]

1. d4 d5 2. c4 e6 3. Nf3 Nf6 4. g3 Be7 5. Bg2 O-O 6. O-O c6 7. Qc2 a6 8. Nbd2 b5
9. b3 Bb7 10. e4 dxe4 11. Nxe4 Nbd7 12. Rd1 Nxe4 13. Qxe4 Nf6 14. Qe2 Qa5 15.
Bd2 Qc7 16. Bf4 Bd6 17. Bxd6 Qxd6 18. c5 Qc7 19. Qe5 Rac8 20. Qxc7 Rxc7 21. Ne5
Rd8 22. f4 Nd5 23. Bxd5 exd5 24. Kf2 Bc8 25. Re1 f6 26. Nf3 Bf5 27. a4 Be4 28.
Nd2 f5 29. axb5 axb5 30. Ra6 Rcc8 31. Rea1 Re8 32. Ra7 Bd3 33. Nf3 Re2+ 34. Kg1
Be4 35. Ne5 Rg2+ 36. Kf1 Rxh2 37. R1a6 b4 38. Rxc6 Rxc6 39. Ra8+ 1-0

[Event "Titled Tue 20th May Late"]
[Site "chess.com INT"]
[Date "2025.05.20"]
[Round "1"]
[White "Shubenkova, Veronika"]
[Black "Kochavi, Dana"]
[Result "1-0"]
[WhiteTitle "WFM"]
[BlackTitle "FM"]
[WhiteElo "2024"]
[BlackElo "2226"]
[WhiteFideId "44124040"]
[BlackFideId "2837137"]
[EventDate "2025.05.20"]

1. d4 Nf6 2. e3 d5 3. f4 c5 4. Nf3 cxd4 5. exd4 Nc6 6. c3 Bg4 7. Nbd2 e6 8. Be2
Bd6 9. Ne5 Bxe2 10. Qxe2 Nd7 11. O-O Qe7 12. Ndf3 f6 13. Nxd7 Qxd7 14. f5 e5 15.
dxe5 fxe5 16. Ng5 O-O 17. Qh5 h6 18. Ne6 Rf6 19. Be3 Nd8 20. Nxd8 Qxd8 21. Rad1
Be7 22. Qf3 e4 23. Qg4 Qd7 24. c4 Rd6 25. cxd5 Rxd5 26. Rxd5 Qxd5 27. f6 Bf8 28.
fxg7 Bxg7 29. Bxh6 Qd4+ 30. Kh1 Rf8 31. Rxf8+ Kxf8 32. Bxg7+ Qxg7 33. Qxg7+ Kxg7
34. Kg1 Kf6 35. Kf2 Kf5 36. Ke3 Ke5 37. g4 a6 38. h4 b6 39. h5 1-0

[Event "Titled Tue 20th May Late"]
[Site "chess.com INT"]
[Date "2025.05.20"]
[Round "1"]
[White "Horak, Martin"]
[Black "Bortnyk, Olexandr"]
[Result "0-1"]
[WhiteTitle "FM"]
[BlackTitle "GM"]
[WhiteElo "2324"]
[BlackElo "2601"]
[WhiteFideId "367095"]
[BlackFideId "14120828"]
[EventDate "2025.05.20"]

1. e4 Nf6 2. e5 Nd5 3. d4 d6 4. c4 Nb6 5. f4 dxe5 6. fxe5 Bf5 7. Nc3 e6 8. Be3
Bb4 9. Be2 c5 10. Nf3 Nc6 11. O-O O-O 12. Nb5 cxd4 13. Nfxd4 Nxe5 14. Nxf5 exf5
15. b3 Qe7 16. Qc1 g6 17. Nxa7 Bc5 18. Nb5 Nd3 0-1

[Event "Titled Tue 20th May Late"]
[Site "chess.com INT"]
[Date "2025.05.20"]
[Round "1"]
[White "Albores, Pablo"]
[Black "Holinka, Henning"]
[Result "0-1"]
[WhiteTitle "CM"]
[BlackTitle "FM"]
[WhiteElo "2220"]
[BlackElo "2303"]
[WhiteFideId "105546"]
[BlackFideId "12967084"]
[EventDate "2025.05.20"]

1. c4 c5 2. Nc3 e6 3. g3 Nf6 4. Bg2 Nc6 5. Nf3 Be7 6. O-O O-O 7. d4 cxd4 8. Nxd4
a6 9. Nxc6 bxc6 10. b3 d5 11. cxd5 cxd5 12. Bf4 Bb7 13. Qd3 Qa5 14. Na4 Rac8 15.
Rac1 Ba3 16. Rxc8 Rxc8 17. Be3 h6 18. h3 Qb5 19. Qd4 Qxe2 20. Bxh6 Bd6 21. Qb6
Bc6 22. Qxa6 Qxa6 0-1

[Event "Titled Tue 20th May Late"]
[Site "chess.com INT"]
[Date "2025.05.20"]
[Round "1"]
[White "Kushko, Dmitriy"]
[Black "Medina Paz, Miguel"]
[Result "1-0"]
[WhiteTitle "IM"]
[BlackTitle "IM"]
[WhiteElo "2454"]
[BlackElo "2368"]
[WhiteFideId "14162261"]
[BlackFideId "7300379"]
[EventDate "2025.05.20"]

1. g3 Nf6 2. Bg2 g6 3. c4 Bg7 4. Nc3 O-O 5. d4 d6 6. e4 e5 7. d5 Nbd7 8. Nh3 Nc5
9. f3 a5 10. Bg5 h6 11. Be3 b6 12. Qd2 Kh7 13. Nf2 a4 14. Rb1 Ba6 15. b4 axb3
16. axb3 Qb8 17. O-O b5 18. cxb5 Bxb5 19. Nxb5 Qxb5 20. b4 Ncd7 21. Rfc1 Rfc8
22. Bf1 Qa4 23. Qc3 Nb6 24. Ra1 Qd7 25. Rxa8 Nxa8 26. Bh3 Qe8 27. Bxc8 Qxc8 28.
Qc6 Nd7 29. Qxd6 Qe8 30. Qc6 Bf8 31. Ra1 Nab6 32. Bxb6 cxb6 33. Ra7 1-0

[Event "Titled Tue 20th May Late"]
[Site "chess.com INT"]
[Date "2025.05.20"]
[Round "1"]
[White "Roberson, Peter T"]
[Black "Lugo, Blas"]
[Result "1-0"]
[WhiteTitle "IM"]
[BlackTitle "IM"]
[WhiteElo "2440"]
[BlackElo "2399"]
[WhiteFideId "412384"]
[BlackFideId "2011263"]
[EventDate "2025.05.20"]

1. d4 d5 2. c4 c6 3. Nf3 Nf6 4. cxd5 cxd5 5. Nc3 Nc6 6. Bf4 Bf5 7. e3 e6 8. Bb5
Bd6 9. Bxc6+ bxc6 10. Bxd6 Qxd6 11. O-O O-O 12. Na4 Ne4 13. Rc1 Rab8 14. Ne5
Rfc8 15. Nd3 Bg6 16. b3 Nf6 17. Ne5 Nd7 18. Nxd7 Qxd7 19. Nc5 Qd6 20. Qe2 e5 21.
Rfd1 e4 22. Rc3 Qe7 23. Rdc1 h6 24. Qa6 Bh5 25. Na4 Qf6 26. Rxc6 Rxc6 27. Rxc6
Qg5 28. Qxa7 Rf8 29. Qc7 Qg4 30. Nc3 f5 31. Qg3 f4 32. Qxg4 Bxg4 33. Nxd5 fxe3
34. Nxe3 Be2 35. h4 Ra8 36. a4 Rb8 37. Rc3 Bd3 38. Kh2 1-0